LEADER 02895nam a22005177a 4500
001 45557
003 BD-DhAAL
005 20260503130622.0
008 260422t2025 bg ||||| b||| 00| 0 ben d
020 |a 9789843966452 
020 |a 9841807807101 
040 |a BD-DhAAL  |d BD-DhAAL 
041 0 |a ben 
082 0 0 |a 891.44  |2 23 
245 0 0 |a বাঙালির সাহিত্যচিন্তা :  |b [ উপন্যাস ].  |n পঞ্চদশ খণ্ড /  |c সম্পাদক, সৈয়দ আজিজুল হক ; গ্রন্থমালা সম্পাদক, আবদুল্লাহ আবু সায়ীদ. 
246 3 3 |a Bangalir chintamulok rochona shongroho :   |b shahitto [Ponchodosh khondo] 
246 3 3 |a A collection of Bengali thoughts :  |b literature [volume : 15] 
260 |a ঢাকা :  |b বিশ্বসাহিত্য কেন্দ্র,  |c ২০২৫. 
300 |a ২৪৩ পৃষ্ঠা ;  |c ২২ সে.মি. 
362 0 |a Vol. 15 
490 1 |a বাঙালির চিন্তামূলক রচনা সংগ্রহ ;  |v ১৭০ 
490 1 |a বিশ্বসাহিত্য কেন্দ্র প্রকাশনা ;  |v ৭৮১ 
500 |a প্রথম প্রকাশ. 
504 |a গ্রন্থপঞ্জিগত নির্দেশিকা অন্তর্ভুক্ত। 
526 8 |a AAL, RS 
541 1 |a Bishwo Shahitto Kendro  |e 45557, 45676 
650 0 |a Bengali Literature. 
650 0 |a Bengali literature  |x History and criticism. 
650 0 |a Indic literature  |x History and criticism.  |9 60464 
650 0 |a Bengal (India)  |x History  |x Literary collections.  |9 60465 
650 0 |a Bengal (India)  |x History. 
650 0 |a Bengali poetry.  |9 60466 
650 0 |a Songs, Bengali. 
650 0 |a Bengali fiction. 
650 0 |a Bengali drama. 
650 0 |a Bengali essays. 
650 0 |a Short stories, Bengali. 
650 0 |a Literature  |x Societies, etc. 
700 1 |a হক, সৈয়দ আজিজুল.  |9 60467 
700 1 |a সায়ীদ, আবদুল্লাহ আবু. 
830 0 |a বাঙালির চিন্তামূলক রচনা সংগ্রহ ;  |v ১৭০ 
830 0 |a বিশ্বসাহিত্য কেন্দ্র প্রকাশনা ;  |v ৭৮১ 
942 |2 ddc  |c BK 
999 |c 47848  |d 47848 
952 |0 0  |1 0  |2 ddc  |4 0  |6 891_440000000000000_BAN  |7 1  |9 79063  |a SCL  |b SCL  |c REF  |d 2026-04-19  |e Bishwo Shahitto Kendro  |g 310.00  |l 0  |o 891.44 BAN  |p 3020045676  |r 2026-04-19  |t 2  |v 620.00  |w 2026-04-19  |y BK  |x Requisitioned by Ayesha Abed Library, BRAC University 
952 |0 0  |1 0  |2 ddc  |4 0  |6 891_440000000000000_BAN  |7 1  |9 79064  |a BRACUL  |b BRACUL  |c REF  |d 2026-04-19  |e Bishwo Shahitto Kendro  |g 310.00  |l 0  |o 891.44 BAN  |p 3010045557  |r 2026-04-19  |t 1  |v 620.00  |w 2026-04-19  |y BK  |x Requisitioned by Ayesha Abed Library, BRAC University